000 00652nam a2200229Ia 4500
003 OSt
005 20221007080654.0
006 a|||||r|||| 00| 0
007 ta
008 221006b |||||||| |||| 00| 0 eng d
024 _a17,083
037 _cTextual
040 _aFLL
_cFLL
_beng
041 _2eng
_aeng
082 _aX9W:Dp1,N71, L2
100 _aBurton John C.
_9695212
245 0 _aCorporate financial reporting
_b ethical and other problems
260 _aNew Jersey
_b Seaview Country Club New
_c1972
300 _a293p
_ccm.
942 _hX9W:Dp1,N71, L2
_cTEXL
_2CC
999 _c1160495
_d1160495